Imagínate REMIX - Santos 912, Ceaxe, Lu Decker, Ezvit 810 - Estadísticas

Estadísticas generales
  • Esta prueba ha sido intentada 252 veces
  • La puntuación promedio es 355 de 665
Estadísticas de respuestas
Letra % Correcto
a
100%
al
100%
algún
100%
amor
100%
con
100%
Cuando
100%
cuando
100%
de
100%
día
100%
echo
100%
Él
100%
el
100%
él
100%
es
100%
Es
100%
ha
100%
hace
100%
igual
100%
Imagínate
100%
la
100%
lo
100%
los
100%
más
100%
me
100%
Me
100%
menos
100%
mi
100%
Mi
100%
No
100%
no
100%
nos
100%
o
100%
Que
100%
que
100%
qué
100%
quiero
100%
100%
Se
100%
ser
100%
si
100%
100%
su
100%
te
100%
Te
100%
ti
100%
100%
tu
100%
va
100%
vi
100%
voy
100%
y
100%
Y
100%
yo
100%
Yo
100%
año
50%
antes
50%
bien
50%
busco
50%
casa
50%
como
50%
cómo
50%
conmigo
50%
contigo
50%
Contigo
50%
cora
50%
Creo
50%
cuidar
50%
da
50%
del
50%
días
50%
diga
50%
digo
50%
duele
50%
en
50%
eres
50%
escribo
50%
eso
50%
está
50%
esta
50%
estas
50%
esto
50%
fin
50%
forma
50%
futuro
50%
gente
50%
hasta
50%
hay
50%
he
50%
importa
50%
le
50%
luna
50%
mal
50%
mañana
50%
miedo
50%
mis
50%
Mis
50%
ni
50%
par
50%
para
50%
pero
50%
Pero
50%
pienso
50%
por
50%
Porque
50%
porque
50%
primera
50%
pudimos
50%
Puedo
50%
quien
50%
serás
50%
sin
50%
Solo
50%
solo
50%
somo
50%
soy
50%
Soy
50%
todo
50%
Tus
50%
tus
50%
última
50%
un
50%
una
50%
uno
50%
vas
50%
veo
50%
vera
50%
verte
50%
vez
50%
vida
50%
Vuelvo
50%
Ya
50%
ya
50%
abrazo
0%
acababan
0%
acabaron
0%
acabas
0%
ah
0%
Ahora
0%
ahora
0%
alguien
0%
Alguien
0%
apareciste
0%
aquí
0%
arena
0%
Aún
0%
aunque
0%
Aunque
0%
beso
0%
besos
0%
bobo
0%
bonito
0%
bruja
0%
buenos
0%
cada
0%
Cada
0%
capítulo
0%
Cógeme
0%
complejos
0%
conocer
0%
contraste
0%
cualquier
0%
cuarto
0%
cuento
0%
Dame
0%
dando
0%
daño
0%
Darte
0%
debes
0%
decidido
0%
deja
0%
dejarte
0%
dejo
0%
delante
0%
desaparece
0%
diamantes
0%
dormir
0%
dos
0%
dure
0%
duro
0%
eh
0%
empecé
0%
enamoré
0%
entre
0%
era
0%
Eran
0%
eras
0%
escapar
0%
escribir
0%
estar
0%
felices
0%
feliz
0%
fiesta
0%
final
0%
fuerte
0%
fuiste
0%
fumo
0%
guapa
0%
haga
0%
haríamos
0%
hechizaste
0%
herida
0%
hiciste
0%
hijos
0%
hipnotizaste
0%
imaginar
0%
imagino
0%
intento
0%
ir
0%
irse
0%
jodan
0%
jodiste
0%
juntos
0%
juro
0%
lágrimas
0%
llamarte
0%
llorando
0%
llorar
0%
lloro
0%
loca
0%
locos
0%
Madrid
0%
magia
0%
malo
0%
malos
0%
mandarlo
0%
mano
0%
marcharte
0%
mente
0%
mentira
0%
merece
0%
mereces
0%
meses
0%
miré
0%
motivo
0%
muy
0%
Niña
0%
niña
0%
nuestro
0%
nuestros
0%
nunca
0%
ojos
0%
olvidarte
0%
oro
0%
otro
0%
otros
0%
papel
0%
paralelas
0%
Parece
0%
parque
0%
parte
0%
partes
0%
pase
0%
pensa
0%
pensando
0%
pensar
0%
pique
0%
pongamos
0%
Prefiero
0%
pregunto
0%
presume
0%
promete
0%
prometo
0%
puesto
0%
pupilas
0%
queen
0%
quitaban
0%
ratito
0%
recuerdo
0%
reloj
0%
rendir
0%
repente
0%
resto
0%
salgas
0%
sana
0%
sea
0%
sentados
0%
sentía
0%
sentimientos
0%
siempre
0%
siendo
0%
Sigo
0%
sigo
0%
son
0%
sonríe
0%
sueño
0%
tan
0%
tengo
0%
tiempo
0%
tiene
0%
todas
0%
tranquila
0%
traste
0%
trata
0%
trescientas
0%
triste
0%
tuyo
0%
valora
0%
vamo
0%
vamos
0%
vea
0%
veía
0%
vidas
0%
volver
0%
No se encontraron pruebas coincidentes
Distribución de puntuación
Porcentaje de gente con cada puntuación
Porcentaje por número respondido
Historial de tus puntuaciones
No has intentado esta prueba.